000 00649nam a2200205 a 4500
005 20210219152850.0
008 991125n 000 0 spa u
035 _aUPN01000064057
100 _aTurbay, Catalina
222 _aEDUCACION Y CULTURA :
_bREVISTA DEL CENTRO DE ESTUDIOS DE INVESTIGACION DOCENTES DE LA FEDERACION COLOMBIANA DE EDUCADORES
245 _aAnálisis educativo del texto escolar y la socialización de género
300 _a46-53
362 _a1993 31, oct.
653 0 _aCOLOMBIA
653 0 _aINTEGRACION SOCIAL
653 0 _aLIBRO DE TEXTO
653 0 _aSOCIALIZACION
904 _aAC
_b001868
905 _aArticulo
999 _c62410
_d62410